| 000 | 01220cam a2200241 4500 | ||
|---|---|---|---|
| 001 | WB3945-17 | ||
| 008 | 031126n2003 000 0 eng u | ||
| 035 | _a(Sirsi) u124473 | ||
| 245 | _aThreat to London's reputation | ||
| 260 | _c2003 | ||
| 490 |
_aPlanning (for the Natural and Built Environment) _v(1546) 21 November 2003, 6(1) |
||
| 520 | _aResearch from KPMG for the corporation of London shows London's status as a world city is under threat by its creaking public transport infrastructure. In a comparison with other Amsterdam, Brussels and Frankfurt, London's public transport comes out worse with only 75% of trains arriving on time in contrast to 93% in Paris. Investment in surburban rail and underground lines is poor with just 38km in 30 years. For a summary of the Comparative Public Transport Investment in Major European Cities Report: http://www.cityoflondon.gov.uk/business_city/research_statistics/pdf/ComparativeExecutiveSummary.pdf | ||
| 590 | _aWB | ||
| 650 | _aLONDON | ||
| 650 | _aPARIS | ||
| 650 | _aAMSTERDAM | ||
| 650 | _aPUBLIC TRANSPORT | ||
| 650 | _aINVESTMENT | ||
| 650 | _aKPMG | ||
| 650 | _aCORPORATION OF LONDON | ||
| 690 | _aTRANSPORT AND COMMUNICATION | ||
| 942 | _n0 | ||
| 999 |
_c73860 _d73860 |
||